000 00853nam a2200241 4500
003 LK-CoMWRAF
005 20231106185417.0
008 230819b2005 |||||||| |||| 00| 0 eng d
020 _a9551493060
040 _aLK-CoMWRAF
_dLK-CoMWRAF
_eLK-CoMWRAF
041 _aeng
082 _a307.72
_bBUL
100 _aBulankulame, Indika
245 _aFrozen tears
_b:political violence, women, children, and problems of trauma in southern Sri Lanka
250 _a2nd ed.
260 _aColombo:
_bColombo Institute for the Advanced study of society and culture,
_c2006
300 _axvii, 152 p. : maps ; 23 cm
_bBibliography and Index included
650 _aPOLITICAL VIOLENCE-SRI LANKA-WOMEN
650 _aWomen- Social conditions -Sri Lanka
650 _aChildren-Social conditions-Sri Lanka
650 _aPsychic trauma -- Sri Lanka
942 _cBK
999 _c3230
_d3230